|
|
|
|
| LEADER |
01150nam a2200325 4500 |
| 001 |
DLU180184778 |
| 005 |
##20180509 |
| 020 |
# |
# |
|a 9786047320851
|
| 040 |
# |
# |
|a DLU
|b vie
|
| 041 |
# |
# |
|a vie
|
| 044 |
# |
# |
|a vn
|
| 082 |
# |
# |
|a 801
|b HU-P
|
| 100 |
# |
# |
|a Huỳnh Như Phương.
|
| 245 |
# |
# |
|a Lý luận văn học :
|b Nhập môn /
|c Huỳnh Như Phương.
|
| 260 |
# |
# |
|a Tp. Hồ Chí Minh :
|b Đại học Quốc gia,
|c 2014.
|
| 300 |
# |
# |
|a 264 tr. ;
|c 21 cm.
|
| 504 |
# |
# |
|a Thư mục: tr. 253-261.
|
| 505 |
# |
# |
|a Chương 1. Văn học, xã hội và con người -- Chương 2. Văn học và văn hóa -- Chương 3. Văn học và đời sống thẩm mỹ -- Chương 4. Văn học và ngôn ngữ -- Chương 5. Nhà văn và sáng tạo văn học -- Chương 6. Người đọc và tiếp nhận văn học -- Chương 7. Nghiên cứu và phê bình văn học.
|
| 650 |
# |
# |
|a Văn học
|x Nghiên cứu.
|
| 923 |
# |
# |
|a 01/2018
|
| 991 |
# |
# |
|a SH
|
| 992 |
# |
# |
|a 30000
|
| 994 |
# |
# |
|a DLU
|
| 900 |
# |
# |
|a True
|
| 911 |
# |
# |
|a Nguyễn Thanh Hương
|
| 925 |
# |
# |
|a G
|
| 926 |
# |
# |
|a A
|
| 927 |
# |
# |
|a SH
|
| 980 |
# |
# |
|a Thư viện Trường Đại học Đà Lạt
|